Quizzes
Events
Quiz Creation
Community
Videos
Private Events
Remove Ads
Sign In
Join for FREE
Feedback
Dark Mode
Quiz Categories
Sports
Geography
Music
Movies
Television
Just For Fun
Miscellaneous
History
Literature
Language
Science
Gaming
Entertainment
Religion
Holiday
For Kids
Quiz Lab
Recent
Popular Today
Quiz Kudos Today
Editor Picks
Curator Picks
Quizzes by...
Day
Popularity
Type
Ratings
Length
Year
Community
Subscriptions
Recent Discussions
Orange Saloon
Badges
Playlists
Quests
Create
Leaderboards
Showdown
Live 5
Trivia Bingo
Activity
Puzzle Library
Sporcle Events
Private Events
Virtual Trivia
Globe League
Become a Host
Pub Owners
SporcleCon
Opinionation
Our Games
Videos
Blog
Mobile Apps
Partnerships
Remove Ads and Go Orange
Feedback
Music
Pop Music
The Beatles
Song
Album
Lyrics
Bands
Singers
Artist
Clip
Rock
Rap
Classical
Billboard
Country Music
Kpop
Taylor Swift
Music
Pop Music
The Beatles
Song
Album
Lyrics
Bands
Singers
Artist
Clip
Rock
Rap
Classical
Billboard
Country Music
Kpop
Taylor Swift
Random Quiz
Search Sporcle
×
Quiz Lab
Quiz Lab
Music
Song
Type in answers that appear in a list
Type in answers that appear in a list
Classic
Best Score? Go Orange.
Song Identification? Stats
Can you figure out this movie song?
By
CGMFan1
8m
256 Questions
68 Plays
68 Plays
68 Plays
Comments
Comments
Give Quiz Kudos
Give Quiz Kudos
-
- Ratings
hide this ad
Replay
Link that replays current quiz
Next Quiz
Link to next quiz in quiz playlist
You Got
0%
They Got
Avg Score
46%
Avg Friend Score
Upgrade to see
Score Distribution
Jump to the score distribution portion of the page
Score
0/256
Timer
08:00
0
Plays Today
Answer
% Correct
the
95.6%
the
95.6%
a
95.6%
the
95.6%
the
95.6%
the
95.6%
the
95.6%
a
95.6%
a
95.6%
the
95.6%
the
95.6%
the
95.6%
the
95.6%
the
95.6%
I
94.1%
I
94.1%
I
94.1%
I
94.1%
I
94.1%
I
94.1%
I
94.1%
I
94.1%
I
94.1%
I
94.1%
you
91.2%
you
91.2%
you
91.2%
you
91.2%
you
91.2%
you
91.2%
you
91.2%
you
91.2%
It
89.7%
it
89.7%
to
85.3%
to
85.3%
to
85.3%
to
85.3%
to
85.3%
to
85.3%
to
85.3%
to
85.3%
in
83.8%
and
83.8%
and
83.8%
and
83.8%
and
83.8%
and
83.8%
and
83.8%
in
83.8%
is
79.4%
is
79.4%
me
77.9%
me
77.9%
my
77.9%
my
77.9%
my
77.9%
my
77.9%
me
77.9%
your
75%
of
73.5%
of
73.5%
He
73.5%
He
73.5%
He
73.5%
She
70.6%
She
70.6%
she
70.6%
she
70.6%
love
69.1%
if
69.1%
It's
69.1%
if
69.1%
It's
69.1%
it's
69.1%
If
69.1%
love
69.1%
it's
69.1%
if
69.1%
It's
69.1%
was
66.2%
so
64.7%
can.
64.7%
can.
64.7%
that
64.7%
that
64.7%
Answer
% Correct
can.
64.7%
what
63.2%
what
63.2%
this
58.8%
this
58.8%
don't
58.8%
know
58.8%
this
58.8%
this
58.8%
don't
58.8%
know
58.8%
know
58.8%
time.
57.4%
said
57.4%
said
57.4%
said
57.4%
said
57.4%
said
57.4%
said
57.4%
said
57.4%
said
57.4%
said
57.4%
said
57.4%
said
57.4%
not
55.9%
Then
54.4%
Then
54.4%
Then
54.4%
want
51.5%
want
51.5%
want.
51.5%
want
51.5%
has
48.5%
some
44.1%
some
44.1%
could
44.1%
ever
42.6%
ever
42.6%
ever
42.6%
just
42.6%
here
42.6%
here
42.6%
ever
42.6%
mine.
41.2%
now
41.2%
Eve
39.7%
Eve
39.7%
Eve
39.7%
I'll
39.7%
I'll
39.7%
Eve
39.7%
Eve
39.7%
I'll
39.7%
Eve
39.7%
his
39.7%
Eve
39.7%
make
38.2%
been
38.2%
been
38.2%
up
38.2%
been
38.2%
Catch
36.8%
Catch
36.8%
Catch
36.8%
Adam
32.4%
Adam
32.4%
world
32.4%
world.
32.4%
Adam
32.4%
world
32.4%
Adam
32.4%
going
32.4%
Adam
32.4%
Adam
32.4%
world
32.4%
last.
30.9%
girl
29.4%
think
27.9%
over
27.9%
that's
27.9%
give
27.9%
think
27.9%
beginning
26.5%
boy
26.5%
take
26.5%
boy.
26.5%
Answer
% Correct
take
26.5%
get
26.5%
come
25%
Come
25%
more
25%
those
23.5%
down
23.5%
There's
23.5%
since
22.1%
since
22.1%
since
22.1%
since
22.1%
Garden
20.6%
Eden
20.6%
got
20.6%
something
20.6%
got.
20.6%
got
20.6%
big
19.1%
old
19.1%
big
19.1%
old
19.1%
look
19.1%
old
19.1%
great
17.6%
gonna
16.2%
eye.
16.2%
little
14.7%
same
14.7%
same
14.7%
little
14.7%
little
14.7%
sky.
14.7%
same
14.7%
began.
13.2%
anything
13.2%
mean.
13.2%
began.
13.2%
around
13.2%
began.
13.2%
fast.
11.8%
wanna
11.8%
dream.
11.8%
feeling
11.8%
wait
10.3%
minute
10.3%
story
10.3%
Honey
10.3%
honey
10.3%
quite
10.3%
exactly
10.3%
story
10.3%
exactly
10.3%
honey
10.3%
story
10.3%
forget
8.8%
remember
8.8%
finger
8.8%
hot.
7.4%
yourself
7.4%
looked
7.4%
meets
7.4%
pearls.
5.9%
pretty
5.9%
blood
5.9%
sit
5.9%
fire.
5.9%
Wrap
5.9%
knees
5.9%
Lord
5.9%
rotten
4.4%
apples
4.4%
diamonds
4.4%
hungry
4.4%
running
4.4%
cool
4.4%
desire.
4.4%
reputation
4.4%
protect.
4.4%
kisses
4.4%
picture
4.4%
beside
2.9%
respect.
2.9%
fell
2.9%
Quiz Playlist
Details
Report
Send in Message
Add To Playlist
Classic:
Type in answers that appear in a list
Last Updated: Feb 16, 2017
Quiz Scoreboard
CHALLENGE
Sign Up to Join the Scoreboard
Show All
Scores
Hide
Comments
May contain spoilers
Recently Published
9x9 Crossword: Cartoon Network
by jackfrog10
Miscellaneous
3m
College Basketball Coaching Resumes
by pancakes188
Sports
9m
Billboard Blitz: Fleetwood Mac
by CooCooCachoo
Music
15s
More to Explore
Quiz From the Vault
Featured Blog Post
Where Did the Easter Bunny Come From?
hide this ad
You Might Also Like...
Tags
Song Quiz
identification
Today's Top Quizzes in Music
Browse Music
hide this ad
Today's Top Quizzes in Song
Browse Song
Top Contributed Quizzes in Music
1
Taylor Swift All Songs (2024)
2
Guess the Artist- 70s Songs
3
7-to-1: Billboard Hot 100 #1 Hits of 2010s
4
Sorting Albums and Songs
5
Taylor Swift Logic Puzzle
6
KPOP LOGIC QUIZ
7
Guess the Taylor Swift song (Mystery Song)
8
One Thing in Common: Music
9
2010s Album by Cover III
10
Guess The Taylor Swift Lyrics Song #1
Explore More
Trending Topics
Crossword
Anime
Disney
Harry Potter
NBA
Kpop
Marvel
Country
Puzzle
Soccer
WWE
Song
The Office
NFL
Pokémon
hide this ad
More By:
CGMFan1
Quiz
Plays
Rating
Category
Featured
Created
IMDb: One Word Movie
35,328
4.61
Movies
Jan 5, 2019
McDonald's First Menu
22,371
4.67
Miscellaneous
Feb 25, 2018
Country Leadership Flags
19,202
4.66
Geography
Dec 16, 2016
Superhero NFL Logos
18,968
4.29
Sports
Sep 21, 2017
Bond: Impossible
17,224
4.54
Movies
Jan 1, 2019
Go to Creator's Profile
Score Distribution
Quiz Creator Spotlight
CGMFan1
Follow
Send a Message
Quizzes Created
-
Created Quiz Play Count
-
More By This Creator
Popular Quizzes Today
1
Find the US States - No Outlines Minefield
2
Find the Countries of Europe - No Outlines Minefield
3
The Countries of the World
4
Find the US States
5
Risky Map Clicking: Biggest States A-Z
6
US States
7
Popular People in 1961
8
Movies - When Are They Set?
More Music Quizzes
Opening Lyrics - Eminem
Published
Trending Quizzes
Risky Map Clicking: Least Populous States A-Z
1-10 Letter G Words
1-10 Letter F Words
Risky Map Clicking: Next State Alphabetically
Adjectives in 80s TV Shows
Recently Updated
Leaping Animals
pecheneg
Reality TV Shows (A-Z)
bhenderson79
Rickey Henderson's Hall of Fame Teammates
pecheneg
Champions League XIs: Arsenal
pecheneg
Quick Pick: Celebrities in WWE's Hall of Fame
aduchscher
A-Z Keypad Blitz II
pecheneg
Multiple Oscar Actors
pecheneg
Mystery Phrase Blitz: Oscar 'Best Actors'
pecheneg
F. Scott Fitzgerald Novels
LTH
Pick 3 Villains
ddd62291
Trending Topics
Crossword
Marvel
NBA
Harry Potter
Kpop
Anime
Disney
The Office
Song
NFL
Soccer
Puzzle
Country
WWE
Pokémon
Your Account Isn't Verified!
In order to create a playlist on Sporcle, you need to verify the email address you used during registration. Go to your
Sporcle Settings
to finish the process.
Report this User
Report this user for behavior that violates our
Community Guidelines
.
Details:
Send Report
Go to the Sporcle.com Mobile Site →
Comments